Google Maps Cities - Morocco - Statistics

General Stats
  • This quiz has been taken 31 times
  • The average score is 8 of 12
Answer Stats
City % Correct
Casablanca
100%
Rabat
100%
Fes
96%
Marrakech
96%
Agadir
89%
Meknes
74%
Oujda
67%
Beni Mellal
44%
Safi
44%
Essaouira
37%
Ouarzazate
33%
Tiznit
15%
No matching quizzes found
Score Distribution
Percent of People with Each Score
Percentile by Number Answered
Your Score History
You have not taken this quiz